000 01030nam a22003497a 4500
001 1290986
003 OSt
005 20210420063011.0
008 760930s1977 nyua b 001 0 eng
010 _a 76047014
020 _a0123257506
040 _aeng
_cDLC
_deng
041 _aeng
050 0 0 _aQP385.5
_b.L37
080 _a616.8
_bL-36
082 0 0 _a591.1/88
100 _9398
_aHarnad, Stevan
_eEditor
245 0 0 _aLateralization in the nervous system /
_cedited by Stevan Harnad, ... [et al.].
260 _aNew York :
_bAcademic Press,
_c1977.
300 _axlviii, 537 p. :
_bill. ;
_c24 cm.
504 _aIncludes bibliographies and index.
650 0 _aCerebral dominance.
650 0 _aNeurology
_9100
653 _aნევროლოგია
700 1 _aHarnad, Stevan R.
700 _aDoty, W. Robert
_9399
700 _aGoldstein, Leonide
_9400
700 _aJaynes, Julian
_9401
700 _aKrauthamer, George
_9402
906 _a7
_bcbc
_corignew
_d1
_eocip
_f19
_gy-gencatlg
942 _2udc
_cBK
999 _c477
_d477